01096 2200217 4500001002100000005001500021008004100036020001500077035001900092041000800111082001200119084001800131100001900149245002700168250001000195260002900205300002800234520057800262650002800840650001000868INLIS00000000000100620200508201303200508||||||||| | ||| |||| ||eng|| a979221495x 0010-0520001006 aeng0 a495.603 a495.603/MAT/K0 aKenji Matsuura00aKamus Jepang-Indonesia aCet.1 aJapanbMandar Majuc1994 axix,1225p.;27 cmc27 cm aKamus Jepang-Indonesia ini disusun khusus untuk penutur rumpun bahasa Indonesia dan bahasa Malaysia serta merupakan kamus terbesar dan terlengkap yang pernah ada. Kamus Jepang-Indonesia ini merupakam keistimewaan sebagai berikut: .Menggunakan huruf dan urutan abjad Latin (Romaji) untuk penulisan entri,diikuti cara penulisan dalam huruf Kanji,Hiragana,atau Katakana .Memuat lebih dari 40.000 entri. .Memuat lebih dari 80.000 contoh frase dan kalimat. .Contoh frase dan kalimat ditulis dalam huruf Romaji. .Entri kata serapan mudah dikenali dan ditulis dengan huruf Romaji. 0aKamus - Bahasa - Jepang 0akamus